01028ntm a2200241 a 450000100060000000300080000600500170001400800410003103500190007204000350009104100080012608200300013410000200016424501970018426000720038130000380045350200770049150400340056865000600060270000420066270000450070470000370074937372BD-RjUL20211209052613.0141206s2013 bg a|||| m|b| 00| 0 eng d a(BD-RjUL)37475 aBD-RjULbengcBD-RjULdBD-RjUL aeng 221a616.1320727bISD 2013 aIslam, Mazharul aDeterminants of hypertension in Bangladesh:ba case study of Rajshahi District /cby Mazharul Islam6Principal Supervisor: Md. Ayub Ali ; Co-Supervisor: Md. Nazrul Islam Mondal, Md. Ayub Ali  aRajshahi :bDepartment of Statistics, University of Rajshahi,c2013 axiv, 143 leaves :bIll. ;c30 cm. aThesis (Ph. D.)--Department of Statistics, University of Rajshahi, 2013. aBibliography : leaves 111-119 aHypertensionxStatistical MethodszBangladeshzRajshahi aAli, Md. Ayub, Principal Supervisor  aMondal, Md. Nazrul Islam, Co-Supervisor  aAli, Md. Ayub, Co-Supervisor